Govt. of
Madhya Pradesh

बघेलखण्‍ड की लोक-कलाऍं विमर्श एवं पाठ (Record no. 63484)

MARC details
000 -LEADER
fixed length control field 00401nam a22000977a 4500
100 ## - MAIN ENTRY--AUTHOR NAME
Personal name चौहान,कविता सिंह
245 ## - TITLE STATEMENT
Title बघेलखण्‍ड की लोक-कलाऍं विमर्श एवं पाठ
260 ## - PUBLICATION, DISTRIBUTION, ETC. (IMPRINT)
Place of publication दिल्‍ली
Name of publisher अनंग प्रकाशन
Year of publication 2016
650 ## - SUBJECT ADDED ENTRY--TOPICAL TERM
Topical Term लाेक साहित्‍य
942 ## - ADDED ENTRY ELEMENTS (KOHA)
Koha item type Hindi Books
Holdings
Withdrawn status Lost status Damaged status Not for loan Home library Current library Date acquired Cost, normal purchase price Full call number Accession Number Price effective from Koha item type
        MACL MACL 04/10/2020 295.00 398 CRH038360 04/10/2020 Hindi Books